000 00872nam a22002657a 4500
001 BR7601629
003 BR-BrBNA
005 20230928084929.0
007 ta
008 230509b bl.||||| |||| 00| 0 por d
040 _aBR-BrBNA
_bpor
_cBiblioteca Nacional de Agricultura
041 _a(Por)
072 _aD10
_b/G514
090 _ D10 BR7601629
110 1 _aSubsecretaria de Planejamento e Orcamento, Brasilia, DF (Brasil)
245 1 _aRecomendacoes para modernizacao. Programa de Modernizacao do Ministerio da Agricultura [Brasil]
_bDocumento de Trabalho no. 2. Convenio SEPLAN/MA
260 3 _aBrasilia, DF (Brasil):
_c1976.
300 _a92 p.
650 _aADMINISTRACAO PUBLICA
650 _aMODERNIZACAO ADMINISTRATIVA
650 _aREFORMA ADMINISTRATIVA
650 _aADMINISTRACAO AGRICOLA
909 _a202309
_bLucia
_c55
_dLucia Elande
942 _cBK
999 _c21938
_d21938